00475nam a2200145Ia 4500008004100000245009800041260001700139260000900156300000800165650002300173650001200196856002900208999001900237952007300256170516s9999 xx 000 0 und d aMiR675-5p Acts on HIF-1α to Sustain Hypoxic Responses: A New Therapeutic Strategy for Glioma bTheranostics c2016 a6:8 xMedical Technology xMedtech uhttp://www.thno.org/v6i8 c330488d330488 001040aCLbCLd2017-05-16l0r2017-05-16 00:00:00w2017-05-16yFOJ